Länder mit den wenigsten außerehelichen Geburten in Europa - Statistiken

Allgemein
  • Dieses Quiz wurde 86 mal gespielt
  • Das Durchschnittsergebnis liegt bei 8 aus 10
Antwortstatistiken
Platz Land Anteil in % % Korrekt
2. Griechenland 9,4
90%
1. Türkei 2,9
89%
7. Ukraine 20,1
87%
5. Kroatien 18,9
82%
10. Schweiz 24,2
81%
4. Weißrussland 13,3
78%
9. Liechtenstein 22,2
75%
3. Nordmazedonien 12
75%
8. Moldawien 21,5
71%
6. Zypern 19,1
56%
Keine übereinstimmenden Quizze gefunden
Verteilung der Resultate
Anzahl Personen mit jedem Resultat
Perzentil nach korrekt beantworteten Fragen
Ihre Resultats-Entwicklung
Sie haben dieses Quiz noch nicht gespielt